000 00870nas a2200265 454500
001 38525
005 20260407193510.0
008 260407s1997####ag###########|||spa#d
003 AR-UNSa-BCEJYS
040 _aAR-UNSa-BCEJYS
_bspa
_cAR-UNSa-BCEJYS
080 _a330
_xEconomía en general
245 1 0 _aAnuario
264 1 _aRosario :
_bUCA (Universidad Católica Argentina)
_c1997
310 _aFrecuencia: Anual
041 _aspa
942 _cSER
590 _aniveau_biblio:s niveau_hierar:1
100 1 _aUniversidad Católica Argentina. Facultad de Ciencias Económicas del Rosario
650 _aADMINISTRACION DE EMPRESAS
650 _aCondiciones económicas
650 _aDistribución del ingreso
650 _aECONOMIA
650 _aJURISPRUDENCIA
856 4 1 _uhttps://biblioeco.unsa.edu.ar/pmb/images/revistas/R01746.jpg
_yImagen de portada
_qimage/jpeg
999 _c8822
_d8822